Financial Analysis: A Managerial Introduction (Record no. 1770)
[ view plain ]
| 005 - DATE AND TIME OF LATEST TRANSACTION | |
|---|---|
| control field | 20250429130511.0 |
| 020 ## - INTERNATIONAL STANDARD BOOK NUMBER | |
| International Standard Book Number | 0-304-31395-5 |
| 082 ## - DEWEY DECIMAL CLASSIFICATION NUMBER | |
| Classification number | 658. 15 WIL |
| 100 ## - MAIN ENTRY--PERSONAL NAME | |
| Author name | WILSON, R. M. S |
| 245 ## - TITLE STATEMENT | |
| Title | Financial Analysis: A Managerial Introduction |
| 260 ## - PUBLICATION, DISTRIBUTION, ETC. | |
| Place of publication, distribution, etc. | London, |
| Name of publisher, distributor, etc. | Cassell, |
| Date of publication, distribution, etc. | 1987. |
| 300 ## - PHYSICAL DESCRIPTION | |
| Extent | 310p.: ill.; figure, graph, table. |
| Other physical details | Index. |
| Dimensions | 25cm. |
| 700 ## - ADDED ENTRY--PERSONAL NAME | |
| Other authors/Editors | McHugh, G. |
| 942 ## - ADDED ENTRY ELEMENTS (KOHA) | |
| Source of classification or shelving scheme | Dewey Decimal Classification |
| Koha item type | Books |
| Date last seen | Total checkouts | Full call number | Barcode | Cost, replacement price | Price effective from | Koha item type | Lost status | Source of classification or shelving scheme | Damaged status | Not for loan | Withdrawn status | Home library | Current library | Shelving location | Date acquired | Cost, normal purchase price |
|---|---|---|---|---|---|---|---|---|---|---|---|---|---|---|---|---|
| 04/29/2025 | 658. 15 WIL | 0000006883 | 30000.00 | 04/29/2025 | Books | Dewey Decimal Classification | College of Business Education Main Library | College of Business Education Main Library | General Collection | 04/29/2025 | 10000.00 |
